Tiểu thuyết Nam bộ cuối thế kỷ XIX đầu thế kỷ XX
Đã lưu trong:
| Príomhúdar: | |
|---|---|
| Formáid: | Leabhar |
| Teanga: | Undetermined |
| Foilsithe: |
Thành Phố Hồ Chí Minh
Đại học quốc gia
2004
|
| Ábhair: | |
| Clibeanna: |
Cuir Clib Leis
Gan Chlibeanna, Bí ar an gcéad duine leis an taifead seo a chlibeáil!
|
| Thư viện lưu trữ: | Trung tâm Học liệu Trường Đại học Cần Thơ |
|---|
| LEADER | 00687nam a2200229Ia 4500 | ||
|---|---|---|---|
| 001 | CTU_63139 | ||
| 008 | 210402s9999 xx 000 0 und d | ||
| 020 | |b 110000 | ||
| 020 | |c 110000 | ||
| 082 | |a 895.922309 | ||
| 082 | |b A107 | ||
| 100 | |a Nguyễn, Kim An | ||
| 245 | 0 | |a Tiểu thuyết Nam bộ cuối thế kỷ XIX đầu thế kỷ XX | |
| 245 | 0 | |c Nguyễn Kim Anh | |
| 260 | |a Thành Phố Hồ Chí Minh | ||
| 260 | |b Đại học quốc gia | ||
| 260 | |c 2004 | ||
| 650 | |a Vietnamese fiction | ||
| 650 | |x History and criticism | ||
| 650 | |y 20th century | ||
| 904 | |i TUYẾN | ||
| 980 | |a Trung tâm Học liệu Trường Đại học Cần Thơ | ||